[Event "FIN-chT 1617"]
[Site "Finland"]
[Date "2017.02.05"]
[Round "8.3"]
[White "Johansson, Jukka"]
[Black "Huovinen, Jere"]
[Result "1-0"]
[WhiteElo "2138"]
[BlackElo "2276"]
[PlyCount "123"]
[EventDate "2016.09.17"]
[EventType "team-tourn"]
[EventRounds "11"]
[EventCountry "FIN"]
[SourceTitle "EXT 2022"]
[Source "ChessBase"]
[SourceDate "2021.10.06"]
[SourceVersion "1"]
[SourceVersionDate "2021.10.06"]
[SourceQuality "1"]
[WhiteTeam "Helsinki Garde"]
[BlackTeam "Oulu OSS"]
[WhiteTeamCountry "FIN"]
[BlackTeamCountry "FIN"]

1. d4 Nf6 2. c4 e6 3. Nf3 b6 4. Nc3 Bb4 5. Bg5 h6 6. Bh4 Bb7 7. Nd2 c5 8. a3 Bxc3 9. bxc3 d6 10. f3 cxd4 11. cxd4 e5 12. e4 Nbd7 13. Be2 0-0 14. 0-0 Rc8 15. Rc1 Re8 16. Nb1 Nf8 17. Nc3 Ne6 18. Nb5 Nxd4 19. Nxd4 exd4 20. Qxd4 Re6 21. Rfd1 Qe8 22. Bf1 Nd7 23. Be1 Nc5 24. Rb1 Bc6 25. Bc3 Rg6 26. g3 Qe6 27. Re1 Re8 28. Bg2 h5 29. Kh1 Qe7 30. Bh3 h4 31. Bf5 Ne6 32. Qd2 Rh6 33. Rg1 h3 34. Rbd1 Ng5 35. Qf4 Nxf3 36. Qxf3 g6 37. g4 Kh7 38. Rd5 Bxd5 39. exd5 f6 40. Be6 Rf8 41. Rf1 Qc7 42. Qd3 b5 43. cxb5 Qc5 44. Bd4 Qc7 45. Be3 Rh4 46. Rc1 Qb7 47. Rc6 Re8 48. Bf2 Rh6 49. a4 Re7 50. Qc3 g5 51. Bg3 a6 52. b6 Rg6 53. Bf5 Kh6 54. Bxd6 Re8 55. Bxg6 Kxg6 56. Qxh3 Rc8 57. Qd3+ Kh6 58. Qc3 Kg6 59. Qc2+ Kh6 60. Rxc8 Qxd5+ 61. Kg1 Qd4+ 62. Kf1 1-0

[Event "FIN-chT 1617"]
[Site "Finland"]
[Date "2016.10.09"]
[Round "4.4"]
[White "Hartikainen, Markku"]
[Black "Johansson, Jukka"]
[Result "1/2-1/2"]
[WhiteElo "2294"]
[BlackElo "2138"]
[PlyCount "96"]
[EventDate "2016.09.17"]
[EventType "team-tourn"]
[EventRounds "11"]
[EventCountry "FIN"]
[SourceTitle "EXT 2018"]
[Source "ChessBase"]
[SourceDate "2017.10.13"]
[SourceVersion "1"]
[SourceVersionDate "2017.10.13"]
[SourceQuality "1"]
[WhiteTeam "Salo SalSK"]
[BlackTeam "Helsinki Garde"]
[WhiteTeamCountry "FIN"]
[BlackTeamCountry "FIN"]

1. e4 c5 2. c3 d6 3. d4 Nf6 4. Bd3 Nbd7 5. Nf3 Qc7 6. 0-0 e5 7. d5 Be7 8. a4 c4 9. Bc2 b6 10. Na3 Ba6 11. Be3 0-0 12. Nd2 Rfc8 13. Qe2 h6 14. Nb5 Bxb5 15. axb5 a6 16. Rxa6 Rxa6 17. bxa6 b5 18. Ra1 Ra8 19. f3 Nc5 20. Bxc5 dxc5 21. f4 Nd7 22. Nf3 Bd6 23. Nh4 g6 24. Qg4 Nf6 25. Qh3 Kh7 26. fxe5 Bxe5 27. Nf3 Nd7 28. Qg4 Qd6 29. h4 Bg7 30. h5 Ne5 31. hxg6+ fxg6 32. Nxe5 Bxe5 33. a7 h5 34. Qh3 b4 35. Bd1 bxc3 36. bxc3 Kg7 37. Be2 Qc7 38. Qe6 Bxc3 39. Ra6 Bd4+ 40. Kh1 Qg3 41. Qe7+ Kh8 42. Rd6 Qe1+ 43. Kh2 Qg1+ 44. Kh3 Qh1+ 45. Kg3 Qe1+ 46. Kh2 Qg1+ 47. Kh3 Qh1+ 48. Kg3 Qe1+ 1/2-1/2